(Khmer) History of Cambodia: (Record no. 47639)
| 000 -LEADER | |
|---|---|
| fixed length control field | 00236nam a2200097 4500 |
| 245 ## - TITLE STATEMENT | |
| Title | (Khmer) History of Cambodia: |
| Remainder of title | Parts 1-2 / |
| 260 ## - PUBLICATION, DISTRIBUTION, ETC. (IMPRINT) | |
| Place of publication, distribution, etc | Cambodia: |
| 300 ## - PHYSICAL DESCRIPTION | |
| Extent | 281 p. |
| Other physical details | maps. |
| 650 ## - SUBJECT ADDED ENTRY--TOPICAL TERM | |
| Topical term or geographic name as entry element | History. |
| 9 (RLIN) | 74631 |
| 942 ## - ADDED ENTRY ELEMENTS (KOHA) | |
| Source of classification or shelving scheme | |
| Koha item type | Y10 KH Textbooks |
| Withdrawn status | Lost status | Source of classification or shelving scheme | Damaged status | Not for loan | Collection code | Home library | Current library | Date acquired | Total Checkouts | Total Renewals | Full call number | Barcode | Date last seen | Date checked out | Price effective from | Koha item type |
|---|---|---|---|---|---|---|---|---|---|---|---|---|---|---|---|---|
| Siem Riep | Asian Hope Secondary Library | Asian Hope Secondary Library | 10/23/2024 | 1 | 1 | KHMER TB HISTORY Y10-Y12 | 206214 | 01/16/2026 | 08/15/2025 | 10/23/2024 | Y10 KH Textbooks |